<?xml version="1.0" encoding="UTF-8"?>
<collection xmlns="http://www.loc.gov/MARC21/slim">
 <record>
  <leader>01323nam a2200313 a 4500</leader>
  <controlfield tag="001">2999</controlfield>
  <controlfield tag="003">BD-DhAAL</controlfield>
  <controlfield tag="005">20150308112626.0</controlfield>
  <controlfield tag="008">150308s1995    nyua     b    001 0 eng  </controlfield>
  <datafield tag="010" ind1=" " ind2=" ">
   <subfield code="a">   94035220 </subfield>
  </datafield>
  <datafield tag="020" ind1=" " ind2=" ">
   <subfield code="a">0442019033</subfield>
  </datafield>
  <datafield tag="040" ind1=" " ind2=" ">
   <subfield code="a">DLC</subfield>
   <subfield code="c">DLC</subfield>
   <subfield code="d">DLC</subfield>
   <subfield code="d">BD-DhAAL</subfield>
  </datafield>
  <datafield tag="050" ind1="0" ind2="0">
   <subfield code="a">HD41</subfield>
   <subfield code="b">.G65 1995</subfield>
  </datafield>
  <datafield tag="082" ind1="0" ind2="0">
   <subfield code="a">658.8/12</subfield>
   <subfield code="2">20</subfield>
  </datafield>
  <datafield tag="100" ind1="1" ind2=" ">
   <subfield code="a">Goldman, Steven L.,</subfield>
   <subfield code="d">1941-</subfield>
   <subfield code="9">9195</subfield>
  </datafield>
  <datafield tag="245" ind1="1" ind2="0">
   <subfield code="a">Agile competitors and virtual organizations :</subfield>
   <subfield code="b">strategies for enriching the customer /</subfield>
   <subfield code="c">Steven L. Goldman, Roger N. Nagel, Kenneth Preiss.</subfield>
  </datafield>
  <datafield tag="260" ind1=" " ind2=" ">
   <subfield code="a">New York :</subfield>
   <subfield code="b">Van Nostrand Reinhold,</subfield>
   <subfield code="c">c1995.</subfield>
  </datafield>
  <datafield tag="300" ind1=" " ind2=" ">
   <subfield code="a">xxix, 414 p. :</subfield>
   <subfield code="b">ill. ;</subfield>
   <subfield code="c">24 cm.</subfield>
  </datafield>
  <datafield tag="504" ind1=" " ind2=" ">
   <subfield code="a">Includes bibliographical references (p. 399-402) and index.</subfield>
  </datafield>
  <datafield tag="541" ind1=" " ind2=" ">
   <subfield code="e">2999</subfield>
  </datafield>
  <datafield tag="650" ind1=" " ind2="0">
   <subfield code="a">Competition.</subfield>
   <subfield code="9">9196</subfield>
  </datafield>
  <datafield tag="650" ind1=" " ind2="0">
   <subfield code="a">Organizational change.</subfield>
   <subfield code="9">9197</subfield>
  </datafield>
  <datafield tag="650" ind1=" " ind2="0">
   <subfield code="a">Customer services.</subfield>
   <subfield code="9">7971</subfield>
  </datafield>
  <datafield tag="700" ind1="1" ind2=" ">
   <subfield code="a">Nagel, Roger N.,</subfield>
   <subfield code="d">1943-</subfield>
   <subfield code="9">9198</subfield>
  </datafield>
  <datafield tag="700" ind1="1" ind2=" ">
   <subfield code="a">Preiss, Kenneth.</subfield>
   <subfield code="9">9199</subfield>
  </datafield>
  <datafield tag="942" ind1=" " ind2=" ">
   <subfield code="2">ddc</subfield>
   <subfield code="c">BK</subfield>
  </datafield>
  <datafield tag="999" ind1=" " ind2=" ">
   <subfield code="c">33921</subfield>
   <subfield code="d">33921</subfield>
  </datafield>
  <datafield tag="952" ind1=" " ind2=" ">
   <subfield code="0">0</subfield>
   <subfield code="1">0</subfield>
   <subfield code="2">ddc</subfield>
   <subfield code="4">0</subfield>
   <subfield code="6">658_812000000000000_GOL</subfield>
   <subfield code="7">0</subfield>
   <subfield code="9">52945</subfield>
   <subfield code="a">SCL</subfield>
   <subfield code="b">SCL</subfield>
   <subfield code="c">GEN</subfield>
   <subfield code="d">2015-03-08</subfield>
   <subfield code="e">Gift: The Asia Foundation</subfield>
   <subfield code="l">0</subfield>
   <subfield code="o">658.812 GOL</subfield>
   <subfield code="p">3020002999</subfield>
   <subfield code="r">2015-03-08</subfield>
   <subfield code="t">1</subfield>
   <subfield code="w">2015-03-08</subfield>
   <subfield code="y">BK</subfield>
  </datafield>
  <datafield tag="952" ind1=" " ind2=" ">
   <subfield code="0">0</subfield>
   <subfield code="1">0</subfield>
   <subfield code="2">ddc</subfield>
   <subfield code="4">0</subfield>
   <subfield code="6">658_812000000000000_GOL</subfield>
   <subfield code="7">0</subfield>
   <subfield code="9">52946</subfield>
   <subfield code="a">SCL</subfield>
   <subfield code="b">SCL</subfield>
   <subfield code="c">GEN</subfield>
   <subfield code="d">2015-03-08</subfield>
   <subfield code="e">Gift: The Asia Foundation</subfield>
   <subfield code="l">0</subfield>
   <subfield code="o">658.812 GOL</subfield>
   <subfield code="p">3020002962</subfield>
   <subfield code="r">2015-03-08</subfield>
   <subfield code="t">2</subfield>
   <subfield code="w">2015-03-08</subfield>
   <subfield code="y">BK</subfield>
  </datafield>
 </record>
</collection>
